Quizzes
Events
Quiz Creation
Community
Videos
Private Events
Remove Ads
Sign In
Join for FREE
Feedback
Dark Mode
Quiz Categories
Sports
Geography
Music
Movies
Television
Just For Fun
Miscellaneous
History
Literature
Language
Science
Gaming
Entertainment
Religion
Holiday
For Kids
Quiz Lab
Recent
Popular Today
Quiz Kudos Today
Editor Picks
Curator Picks
Quizzes by...
Day
Popularity
Type
Ratings
Length
Year
Community
Subscriptions
Recent Discussions
Orange Saloon
Badges
Playlists
Quests
Create
Leaderboards
Showdown
Live 5
Trivia Bingo
Activity
Puzzle Library
Sporcle Events
Private Events
Virtual Trivia
Globe League
Become a Host
Pub Owners
SporcleCon
Opinionation
Our Games
Videos
Blog
Mobile Apps
Partnerships
Remove Ads and Go Orange
Feedback
Entertainment
Celebrity
Famous
Musical
Broadway
Show
Quote
Comic Books
Anime
Superhero
DC Comics
Marvel
Cartoons
Animation
Entertainment
Celebrity
Famous
Musical
Broadway
Show
Quote
Comic Books
Anime
Superhero
DC Comics
Marvel
Cartoons
Animation
Random Quiz
Search Sporcle
×
Quiz Lab
Quiz Lab
Entertainment
City
Type in answers that appear in a list
Type in answers that appear in a list
Classic
Best Score? Go Orange.
Top 25 Arts Destinations--Mid-Size Citie Stats
Can you name the Top 25 Arts Destinations--Mid-Size Cities--According to American Style magazine?
By
troncy
7m
25 Questions
52 Plays
52 Plays
52 Plays
Comments
Comments
Give Quiz Kudos
Give Quiz Kudos
-
- Ratings
hide this ad
More Info
Replay
Link that replays current quiz
Next Quiz
Link to next quiz in quiz playlist
You Got
0%
They Got
Avg Score
60%
Avg Friend Score
Upgrade to see
Score Distribution
Jump to the score distribution portion of the page
Score
0/25
Timer
07:00
0
Plays Today
Rank
City
% Correct
12.
Miami
84.6%
2.
New Orleans
80.8%
11.
Tampa
75%
14.
Cleveland
73.1%
5.
Buffalo
69.2%
9.
Pittsburgh
69.2%
16.
Providence
67.3%
24.
Honolulu
67.3%
13.
Salt Lake City
65.4%
20.
Cincinnati
65.4%
15.
Minneapolis
63.5%
21.
Raleigh
63.5%
22.
Kansas City
63.5%
Rank
City
% Correct
23.
St. Louis
63.5%
6.
Savannah
61.5%
7.
Charleston
59.6%
17.
Colorado Springs
59.6%
19.
Rochester
53.8%
10.
Ann Arbor
51.9%
25.
Tacoma
48.1%
4.
Chattanooga
46.2%
18.
Athens
44.2%
1.
St. Petersburg
40.4%
3.
Alexandria
40.4%
8.
Scottsdale
38.5%
Quiz Playlist
Details
Report
Send in Message
Add To Playlist
More Info:
This is for the mid-size cities with populations of 100,000 to 499,999, (according to American Style magazine).
Classic:
Type in answers that appear in a list
Last Updated: Feb 16, 2017
Quiz Scoreboard
CHALLENGE
Sign Up to Join the Scoreboard
Show All
Scores
Hide
Comments
May contain spoilers
Recently Published
9x9 Crossword: Cartoon Network
by jackfrog10
Miscellaneous
3m
College Basketball Coaching Resumes
by pancakes188
Sports
9m
Billboard Blitz: Fleetwood Mac
by CooCooCachoo
Music
15s
More to Explore
Quiz From the Vault
Featured Blog Post
Where Did the Easter Bunny Come From?
hide this ad
You Might Also Like...
Tags
Art Quiz
City Quiz
State Quiz
America
Magazines
Style
Top 25
Today's Top Quizzes in Entertainment
Browse Entertainment
hide this ad
Today's Top Quizzes in City
Browse City
Top Contributed Quizzes in Entertainment
1
7-to-1: DC Comics Villains
2
Marvel Characters Bunker
3
Eurovision 2023 Logic Puzzle
4
Dragon Ball Z: Goku's Fights in Order
5
Criteria Quickie: Cartoon Taxonomy II
6
Sorting Pictures: Villains
7
Kamen Rider Motifs
8
Mini Trivia Sudoku: Musicals
9
Fictional Villains Letter U Blitz
10
7-to-1: One Piece
Explore More
Trending Topics
Harry Potter
NBA
Marvel
Kpop
Disney
Anime
Crossword
Puzzle
WWE
Pokémon
Song
NFL
Soccer
The Office
Country
hide this ad
More By:
troncy
Quiz
Plays
Rating
Category
Featured
Created
The 50 United States by Hint
862
4.27
Geography
Jun 19, 2010
US Airport Boardings
418
4.50
Geography
May 14, 2010
Another Population Game! (A-M)
390
4.13
Geography
May 14, 2010
Another Population Game (N-Z)
349
4.57
Geography
May 14, 2010
Top 25 Arts Destinations--Big Cities
180
Entertainment
Jun 13, 2010
Go to Creator's Profile
Score Distribution
Quiz Creator Spotlight
troncy
Follow
Send a Message
Quizzes Created
-
Created Quiz Play Count
-
More By This Creator
Popular Quizzes Today
1
Find the US States - No Outlines Minefield
2
Find the Countries of Europe - No Outlines Minefield
3
The Countries of the World
4
Find the US States
5
Risky Map Clicking: Biggest States A-Z
6
US States
7
Popular People in 1961
8
Movies - When Are They Set?
More Entertainment Quizzes
Nine in Time: Marvel Comics Characters
Editor's Pick
Trending Quizzes
Risky Map Clicking: Least Populous States A-Z
1-10 Letter G Words
1-10 Letter F Words
Risky Map Clicking: Next State Alphabetically
Adjectives in 80s TV Shows
Recently Updated
Leaping Animals
pecheneg
Reality TV Shows (A-Z)
bhenderson79
Rickey Henderson's Hall of Fame Teammates
pecheneg
Champions League XIs: Arsenal
pecheneg
Quick Pick: Celebrities in WWE's Hall of Fame
aduchscher
A-Z Keypad Blitz II
pecheneg
Multiple Oscar Actors
pecheneg
Mystery Phrase Blitz: Oscar 'Best Actors'
pecheneg
F. Scott Fitzgerald Novels
LTH
Pick 3 Villains
ddd62291
Trending Topics
NBA
Disney
Marvel
Harry Potter
Anime
Kpop
Crossword
Country
Soccer
Pokémon
WWE
Puzzle
The Office
Song
NFL
Your Account Isn't Verified!
In order to create a playlist on Sporcle, you need to verify the email address you used during registration. Go to your
Sporcle Settings
to finish the process.
Report this User
Report this user for behavior that violates our
Community Guidelines
.
Details:
Send Report
Go to the Sporcle.com Mobile Site →
Comments